Monographie de la basilique de Tébessa /.

Saved in:
Bibliographic Details
Main Author: Duprat, Ch.
Format: Book
Language:French
Published: [Constantine : L. Arnolet, 1895-1896].
Subjects:
Tags: Add Tag
No Tags, Be the first to tag this record!
LEADER 00864nam a2200217K 4500
001 006123781-7
005 20100120122514.0
008 951029m18951896ae aef 000 0 fre d
035 0 |a ocm81355929 
040 |a DDO  |c DDO 
043 |a f-ae--- 
100 1 |a Duprat, Ch. 
245 1 0 |a Monographie de la basilique de Tébessa /.  |c par Ch. Duprat. 
260 |a [Constantine :  |b L. Arnolet,  |c 1895-1896]. 
300 |a 87 p., [10] leaves of plates (1 folded) :  |b ill., plan ;  |c 23 cm. 
500 |a Extracted from: Recueil des notices et mémoires de la Société archéologique du département de Constantine. T. 30 (1895-1896). 
650 0 |a Excavations (Archaeology)  |z Algeria  |z Tébessa. 
651 0 |a Tébessa (Algeria)  |x Antiquities. 
730 0 |a Recueil des notices et mémoires de la Société archéologique du département de Constantine. 
988 |a 20020608 
906 |0 MH